Guess the lyrics of a Beatles song without knowing which song it is - Statistics

General Stats
  • This quiz has been taken 138 times
  • The average score is 74 of 137
Answer Stats
Lyric % Correct
I
99%
You
93%
Me
85%
To
85%
When
85%
The
77%
Want
74%
My
73%
And
72%
Know
67%
Tell
59%
Is
58%
Don't
57%
If
56%
Then
56%
Can
54%
Say
53%
That
53%
Why
51%
You're
51%
All
49%
It's
48%
Feel
46%
I've
46%
Not
45%
Get
43%
They
41%
Got
40%
With
40%
I'll
38%
Could
37%
Here
37%
Only
37%
Thing
37%
But
36%
Time
35%
Away
34%
Make
34%
Up
34%
Down
32%
Mind
32%
You'll
32%
Seem
31%
Near
29%
Right
28%
Things
28%
Those
28%
Word
28%
Head
26%
Slip
25%
Wait
25%
Filled
24%
Knew
24%
Well
24%
Forever
23%
Maybe
23%
Understand
23%
Act
22%
Around
21%
Unkind
21%
Drag
20%
Hung
20%
Confusing
19%
Wish
19%
Begin
17%
Next
17%
Speak
15%
Sometimes
14%
Games
9%
No matching quizzes found
Score Distribution
Percent of People with Each Score
Percentile by Number Answered
Your Score History
You have not taken this quiz